[Event "Germain Laplante U1600"]
[Site "Chambly CAN"]
[Date "2023.04.29"]
[Round "2.51"]
[White "Auersperg, Leo"]
[Black "St-Laurent, Luc"]
[Result "1-0"]
[WhiteElo "1501"]
[BlackElo "1277"]
[Annotator ",hugh_brodie@hotmail."]
[PlyCount "28"]
[EventDate "2023.04.28"]
[EventType "swiss"]
[EventRounds "5"]
[EventCountry "CAN"]

1. e4 c5 2. Nf3 d6 3. d4 cxd4 4. Nxd4 Nf6 5. Nc3 Nc6 6. Bc4 e6 7. Bb3 Bd7 8.
Be3 Na5 9. Qd2 Nxb3 10. cxb3 Qc7 11. f3 h5 12. O-O-O b6 13. Kb1 O-O-O 14. Qe2
Kb8 {etc. (35)} 1-0

[Event "Germain Laplante U1600"]
[Site "Chambly CAN"]
[Date "2023.04.29"]
[Round "2.52"]
[White "Morasse, Daniel"]
[Black "Poulin, Emile"]
[Result "1/2-1/2"]
[WhiteElo "1228"]
[BlackElo "1499"]
[PlyCount "86"]
[EventDate "2023.04.28"]
[EventType "swiss"]
[EventRounds "5"]
[EventCountry "CAN"]

1. e4 c5 2. c3 d5 3. e5 e6 4. d4 Bd7 5. Nf3 Nc6 6. Bd3 Qb6 7. Be2 Nge7 8. O-O
cxd4 9. cxd4 Nf5 10. Nc3 Ncxd4 11. Nxd4 Nxd4 12. Bd3 Nc6 13. Na4 Qd8 14. f4 Be7
15. a3 a6 16. Bd2 b5 17. Nc3 Bc5+ 18. Kh1 Ne7 19. Rc1 Bb6 20. Qg4 Ng6 21. Rf3
Qh4 22. Qxh4 Nxh4 23. Rh3 Ng6 24. Bxg6 fxg6 25. Ne2 O-O 26. Rhc3 Bc8 27. Rc6
Rb8 28. Bb4 Be3 29. Bxf8 Bxc1 30. Rxc1 Kxf8 31. Nd4 Bd7 32. h3 Rc8 33. Rxc8+
Bxc8 34. Kg1 Bd7 35. Kf2 a5 36. Ke3 Ke7 37. Kd3 Kd8 38. Kc3 Kc7 39. b3 Kb6 40.
b4 a4 41. Kd3 Kc7 42. Ke3 Kd8 43. Kd3 Kc7 1/2-1/2

[Event "Germain Laplante U1600"]
[Site "Chambly CAN"]
[Date "2023.04.29"]
[Round "2.53"]
[White "Mourad, Michel"]
[Black "Perron, Bernard"]
[Result "1-0"]
[WhiteElo "1492"]
[BlackElo "1035"]
[PlyCount "65"]
[EventDate "2023.04.28"]
[EventType "swiss"]
[EventRounds "5"]
[EventCountry "CAN"]

1. d4 d5 2. c4 Nf6 3. cxd5 Nxd5 4. e4 Nb6 5. Bd3 e6 6. Nf3 Be7 7. Nc3 a6 8. O-O
N8d7 9. Bf4 O-O 10. Rc1 f6 11. Qb3 Rf7 12. Be3 c6 13. a4 a5 14. Bb1 Qc7 15. Ba2
Nf8 16. d5 Qd8 17. Bxb6 Qd6 18. dxc6 Qb4 19. cxb7 Bxb7 20. Nd2 Qxb3 21. Nxb3
Kh8 22. Bxa5 Nd7 23. Bc7 Rff8 24. Bg3 Nb6 25. Bb1 Nxa4 26. Nxa4 Rxa4 27. Rc7
Rb4 28. Na5 Bxe4 29. Rxe7 Bxb1 30. Rxb1 Re4 31. h3 h5 32. Nb7 Rc8 33. Nd6 1-0

[Event "Germain Laplante U1600"]
[Site "Chambly CAN"]
[Date "2023.04.29"]
[Round "3.30"]
[White "Banger, Sartaj"]
[Black "Rodrigue, Vincent"]
[Result "1-0"]
[WhiteElo "1315"]
[BlackElo "1485"]
[PlyCount "103"]
[EventDate "2023.04.28"]
[EventType "swiss"]
[EventRounds "5"]
[EventCountry "CAN"]

1. e4 c5 2. Nf3 Nc6 3. d4 cxd4 4. Nxd4 e5 5. Nb5 d6 6. c4 Be6 7. Bd3 Be7 8. Be3
a6 9. N1c3 Bg5 10. O-O Bxe3 11. fxe3 Qg5 12. Qe2 Nb4 13. Nd5 Bxd5 14. exd5 Nf6
15. Nc3 Nxd3 16. Qxd3 O-O 17. Rf5 Qg6 18. e4 Rac8 19. Raf1 Rc7 20. R1f3 Nd7 21.
Qe3 f6 22. b3 Qf7 23. Rf1 Rfc8 24. a4 Nc5 25. Ne2 b5 26. axb5 axb5 27. cxb5 Qd7
28. b4 Nxe4 29. Qxe4 Qxb5 30. Rh5 g6 31. Rh3 Rc4 32. Qf3 f5 33. Rg3 Rf8 34. Qh5
Kg7 35. Rxf5 Rxf5 36. Qxf5 Rd4 37. Nc3 Qb6 38. Qf2 Qa6 39. h3 Rf4 40. Rf3 Qa1+
41. Qf1 Qa7+ 42. Kh1 Qd4 43. Rxf4 exf4 44. Qf3 g5 45. Kh2 Qe3 46. Qxe3 fxe3 47.
Kg3 Kf6 48. Kf3 e2 49. Kxe2 Ke5 50. Ke3 h5 51. g3 h4 52. g4 1-0

[Event "Germain Laplante U1600"]
[Site "Chambly CAN"]
[Date "2023.04.29"]
[Round "3.31"]
[White "Tarditi, Francesco"]
[Black "Despres, Alain"]
[Result "1-0"]
[WhiteElo "1171"]
[BlackElo "1479"]
[PlyCount "43"]
[EventDate "2023.04.28"]
[EventType "swiss"]
[EventRounds "5"]
[EventCountry "CAN"]

1. e4 c6 2. d4 d5 3. exd5 cxd5 4. Nf3 Nf6 5. Bg5 e6 6. c3 Be7 7. Bd3 h6 8. Bh4
g5 9. Bg3 Nc6 10. Bb5 a6 11. Ba4 b5 12. Bc2 b4 13. Nbd2 bxc3 14. bxc3 Bd6 15.
Rb1 Bxg3 16. hxg3 Qc7 17. Nxg5 h5 18. Qf3 Qe7 19. Ba4 Bb7 20. Rxb7 Qxb7 21.
Qxf6 Rg8 22. Bxc6+ 1-0

[Event "Germain Laplante U1600"]
[Site "Chambly CAN"]
[Date "2023.04.29"]
[Round "3.32"]
[White "Alameddine, Karim"]
[Black "St-Jean, Jerome"]
[Result "0-1"]
[WhiteElo "1451"]
[BlackElo "1406"]
[PlyCount "80"]
[EventDate "2023.04.28"]
[EventType "swiss"]
[EventRounds "5"]
[EventCountry "CAN"]

1. e4 c5 2. d3 e6 3. Nf3 Nc6 4. c3 d5 5. Qc2 Bd6 6. Be2 Nge7 7. O-O O-O 8. a3
e5 9. h3 Be6 10. Nbd2 Rc8 11. Qb1 d4 12. c4 a5 13. Qc2 Ng6 14. Nb1 Rc7 15. Kh2
f5 16. Ng5 Bc8 17. Bd2 Nf4 18. Bxf4 exf4 19. Nf3 Rcf7 20. e5 Nxe5 21. Nxe5 Bxe5
22. Bf3 Kh8 23. Nd2 b6 24. Rab1 Qc7 25. Kh1 Bb7 26. Rfe1 Re7 27. Bxb7 Qxb7 28.
Nf3 Rfe8 29. Qd2 Bd6 30. Rxe7 Rxe7 31. Re1 h6 32. Nh4 Qd7 33. Ng6+ Kh7 34. Nxe7
Bxe7 35. f3 Bh4 36. Re2 Bg3 37. b4 axb4 38. axb4 Qa4 39. b5 Qa1+ 40. Re1 Bxe1
0-1

[Event "Germain Laplante U1600"]
[Site "Chambly CAN"]
[Date "2023.04.29"]
[Round "3.33"]
[White "Nadeau, Dominic"]
[Black "Wu, Ting En Ryan"]
[Result "0-1"]
[WhiteElo "1521"]
[BlackElo "1400"]
[PlyCount "36"]
[EventDate "2023.04.28"]
[EventType "swiss"]
[EventRounds "5"]
[EventCountry "CAN"]

1. Nf3 d5 2. c4 e6 3. cxd5 exd5 4. g3 Nf6 5. Bg2 c5 6. O-O Nc6 7. d4 cxd4 8.
Nxd4 Bc5 9. Nb3 Bb6 10. Bg5 Be6 11. Bxf6 Qxf6 12. Bxd5 Rd8 13. Bxc6+ bxc6 14.
Qc2 Bh3 15. Qe4+ Kf8 16. Qb4+ Kg8 17. Qc3 Qxf2+ 18. Rxf2 Rd1+ 0-1

[Event "Germain Laplante U1600"]
[Site "Chambly CAN"]
[Date "2023.04.29"]
[Round "3.34"]
[White "Rebhi, Mohamed"]
[Black "Dufresne, Maxime"]
[Result "0-1"]
[WhiteElo "1336"]
[BlackElo "1534"]
[PlyCount "134"]
[EventDate "2023.04.28"]
[EventType "swiss"]
[EventRounds "5"]
[EventCountry "CAN"]

1. e4 c5 2. Nc3 g6 3. Bc4 Bg7 4. Nf3 Nc6 5. d3 e6 6. Be3 d6 7. a3 Nf6 8. Rb1
O-O 9. O-O a6 10. Ne2 b6 11. c3 d5 12. exd5 exd5 13. Bb3 Be6 14. Ng5 Bf5 15.
Ng3 Bg4 16. f3 Bc8 17. f4 d4 18. Bd2 Bg4 19. Qe1 Ra7 20. h3 Bc8 21. Qf2 Ne7 22.
Rbe1 Nf5 23. N3e4 dxc3 24. Bxc3 Nxe4 25. dxe4 Bxc3 26. bxc3 Ng7 27. g4 Ne6 28.
Nxe6 Bxe6 29. Bc2 Bc4 30. Rd1 Rd7 31. Rxd7 Qxd7 32. Rd1 Qe7 33. e5 Rd8 34. Kh2
Rxd1 35. Bxd1 Bd3 36. Bf3 Qc7 37. Qe3 c4 38. Qd4 Qc5 39. Qd8+ Kg7 40. Qf6+ Kg8
41. Kg3 h6 42. e6 Qg1+ 43. Bg2 Qe1+ 44. Kh2 Qxe6 45. Qd8+ Kg7 46. Qd4+ Qf6 47.
Qe3 Qe6 48. Qd4+ Qf6 49. Qe3 Qe6 50. Qd4+ Qf6 51. Qe3 g5 52. f5 Qxc3 53. Qxb6
Qf6 54. Bc6 c3 55. Qc5 c2 56. Ba4 Qb2 57. f6+ Kxf6 58. Qd6+ Kg7 59. Bxc2 Qxc2+
60. Kg3 Qc3 61. Kh2 Qd2+ 62. Kg1 Qe3+ 63. Kg2 Be4+ 64. Kf1 Qxh3+ 65. Kf2 Qf3+
66. Ke1 Qe3+ 67. Kf1 Qd3+ 0-1

[Event "Germain Laplante U1600"]
[Site "Chambly CAN"]
[Date "2023.04.29"]
[Round "3.35"]
[White "Lafer, Michael Barry jr"]
[Black "Tom, Kar Yung"]
[Result "1-0"]
[WhiteElo "1488"]
[BlackElo "1372"]
[PlyCount "117"]
[EventDate "2023.04.28"]
[EventType "swiss"]
[EventRounds "5"]
[EventCountry "CAN"]

1. e4 e5 2. Nf3 Nc6 3. g3 Nf6 4. d3 Bc5 5. Bg2 d6 6. h3 h6 7. O-O Be6 8. c3 Ne7
9. Re1 c6 10. d4 exd4 11. cxd4 Bb6 12. Nc3 d5 13. e5 Nd7 14. Na4 Ba5 15. Bd2 g5
16. b4 Bc7 17. Nc5 Nxc5 18. dxc5 g4 19. Nd4 gxh3 20. Nxe6 fxe6 21. Qh5+ Kd7 22.
Bxh3 Qg8 23. Rad1 Rf8 24. Kg2 Nf5 25. Bc1 Bd8 26. Re4 Bg5 27. Rg4 Ng7 28. Qg6
Nf5 29. Qxg8 Rhxg8 30. f4 Bd8 31. Rxg8 Rxg8 32. Bxf5 exf5 33. Kf3 b6 34. Rh1
Rh8 35. Be3 bxc5 36. Bxc5 Bb6 37. Bd6 Ke6 38. Rc1 Rc8 39. a4 Bd8 40. Rh1 d4 41.
Rxh6+ Kd5 42. Bc5 Bc7 43. e6 Bd6 44. Rf6 Bxc5 45. Rxf5+ Kxe6 46. Rxc5 Kd6 47.
Ke4 Rb8 48. Rc4 Rg8 49. Rxd4+ Kc7 50. Kf3 Kb6 51. g4 a5 52. g5 axb4 53. Rxb4+
Ka5 54. Rc4 Kb6 55. Kg4 c5 56. f5 Rd8 57. g6 Rd4+ 58. Rxd4 cxd4 59. g7 1-0

[Event "Germain Laplante U1600"]
[Site "Chambly CAN"]
[Date "2023.04.29"]
[Round "3.37"]
[White "Germain, Max jr"]
[Black "Nguyen, Danny"]
[Result "1/2-1/2"]
[WhiteElo "1486"]
[BlackElo "1323"]
[PlyCount "51"]
[EventDate "2023.04.28"]
[EventType "swiss"]
[EventRounds "5"]
[EventCountry "CAN"]

1. d4 d5 2. Bf4 e6 3. e3 Bd6 4. Bg3 Nf6 5. Nd2 c5 6. c3 Qc7 7. Bd3 Nbd7 8. f4
cxd4 9. cxd4 O-O 10. Rc1 Qa5 11. a3 Qd8 12. Ngf3 b6 13. Bh4 a5 14. O-O Ba6 15.
Qe2 Bxd3 16. Qxd3 Rc8 17. Ne5 Rxc1 18. Rxc1 Be7 19. Nc6 Qe8 20. Nxe7+ Qxe7 21.
Rc7 Qd6 22. Qc3 Ng4 23. Nf1 Ngf6 24. Nd2 Ng4 25. Nf1 Ngf6 26. Nd2 1/2-1/2

[Event "Germain Laplante U1600"]
[Site "Chambly CAN"]
[Date "2023.04.29"]
[Round "3.38"]
[White "Asselin, Jonathan"]
[Black "Poulin, Pascal"]
[Result "1-0"]
[WhiteElo "1375"]
[BlackElo "1279"]
[PlyCount "91"]
[EventDate "2023.04.28"]
[EventType "swiss"]
[EventRounds "5"]
[EventCountry "CAN"]

1. e4 c6 2. d4 d5 3. exd5 cxd5 4. c4 dxc4 5. Bxc4 Nf6 6. Nc3 Bf5 7. Qb3 e6 8.
Qxb7 Nbd7 9. Bg5 Rb8 10. Qxa7 Rxb2 11. Nge2 Bb4 12. O-O O-O 13. a4 h6 14. Be3
Bd6 15. Ng3 Bb8 16. Qa6 Rb6 17. Qa5 Qc7 18. Bb5 Rd8 19. Rae1 Qd6 20. Nce2 Nd5
21. Qd2 Nxe3 22. fxe3 h5 23. Nf4 h4 24. Nxf5 exf5 25. g3 hxg3 26. hxg3 Nf6 27.
Qg2 g5 28. Nd3 Ng4 29. Rf3 Kg7 30. Ne5 Nxe5 31. dxe5 Qxe5 32. Qf2 Rh8 33. Rxf5
Qxg3+ 34. Qxg3 Bxg3 35. Rxg5+ Rg6 36. Rxg6+ Kxg6 37. Rc1 Rg8 38. Rc6+ f6 39. a5
Ra8 40. a6 Be5 41. Kg2 Kf5 42. Kf3 Bh2 43. Rb6 Be5 44. Bc6 Ra7 45. Bb7 Kg5 46.
Re6 {illisible} 1-0

[Event "Germain Laplante U1600"]
[Site "Chambly CAN"]
[Date "2023.04.29"]
[Round "3.40"]
[White "Ferenczi, Edmund"]
[Black "Sanders, Marcus"]
[Result "0-1"]
[WhiteElo "1599"]
[BlackElo "1418"]
[PlyCount "120"]
[EventDate "2023.04.28"]
[EventType "swiss"]
[EventRounds "5"]
[EventCountry "CAN"]

1. c4 Nf6 2. Nc3 e6 3. Nf3 d5 4. e3 Be7 5. d4 b6 6. Ne5 O-O 7. cxd5 Nxd5 8. Be2
Nxc3 9. bxc3 Bb7 10. Bf3 Bxf3 11. Qxf3 Qd5 12. e4 Qb7 13. O-O c6 14. Re1 Nd7
15. Qg3 Nxe5 16. dxe5 Rfd8 17. Bh6 Bf8 18. Re3 Kh8 19. Bg5 Be7 20. Bxe7 Qxe7
21. h3 Rd2 22. Kh2 Rad8 23. f4 Rc2 24. Rd3 Rd2 25. Rxd2 Rxd2 26. Qe3 Qd7 27. a4
Qd3 28. Qxd3 Rxd3 29. Rc1 f6 30. c4 Rd7 31. c5 Rc7 32. cxb6 axb6 33. Rd1 Kg8
34. exf6 gxf6 35. Kg3 Kf7 36. Kf3 Ke7 37. g4 Ra7 38. Rb1 Rxa4 39. Rxb6 Ra3+ 40.
Kg2 Kd6 41. g5 fxg5 42. fxg5 Kc7 43. Rb4 c5 44. Rc4 Kc6 45. h4 Kb5 46. Rc1 c4
47. h5 Kc5 48. h6 Kd4 49. g6 hxg6 50. Rd1+ Kxe4 51. Re1+ Kd5 52. h7 Ra8 53. Kf3
Rh8 54. Rh1 c3 55. Kf4 c2 56. Kg5 Rxh7 57. Rc1 Rh2 58. Kxg6 Kd4 59. Kg5 Kd3 60.
Kg4 Kd2 0-1

[Event "Germain Laplante U1600"]
[Site "Chambly CAN"]
[Date "2023.04.29"]
[Round "3.41"]
[White "Mullur, Neerav"]
[Black "Longpre, Martin"]
[Result "0-1"]
[WhiteElo "1356"]
[BlackElo "1595"]
[PlyCount "56"]
[EventDate "2023.04.28"]
[EventType "swiss"]
[EventRounds "5"]
[EventCountry "CAN"]

1. e4 c6 2. d4 d5 3. exd5 cxd5 4. c4 Nf6 5. Nc3 Bf5 6. Qb3 Qc7 7. cxd5 Nbd7 8.
Bc4 Rc8 9. Be2 a6 10. Nf3 Ne4 11. Nxe4 Bxe4 12. O-O Nb6 13. Ne5 Bxd5 14. Qg3 f6
15. Bh5+ g6 16. Nxg6 hxg6 17. Qxg6+ Kd7 18. Bg4+ e6 19. g3 Be7 20. Bf4 Qd8 21.
Be2 Nc4 22. Rac1 Nxb2 23. Qb1 Rxh2 24. f3 Rxe2 25. Rxc8 Qxc8 26. Rc1 Nc4 27.
Qb3 Qh8 28. g4 Qh3 0-1

[Event "Germain Laplante U1600"]
[Site "Chambly CAN"]
[Date "2023.04.29"]
[Round "3.42"]
[White "Godbout, Remi"]
[Black "Auersperg, Leo"]
[Result "1/2-1/2"]
[WhiteElo "1159"]
[BlackElo "1501"]
[PlyCount "121"]
[EventDate "2023.04.28"]
[EventType "swiss"]
[EventRounds "5"]
[EventCountry "CAN"]

1. d4 Nf6 2. Bf4 g6 3. h3 Bg7 4. e3 d6 5. Nf3 O-O 6. Be2 Nbd7 7. O-O c6 8. c4
Qc7 9. Nc3 e5 10. Bh2 Re8 11. Qd2 Qa5 12. dxe5 dxe5 13. a3 e4 14. b4 Qf5 15.
Nd4 Qg5 16. Bf4 Qh4 17. Bg3 Qh6 18. f3 exf3 19. Bf4 g5 20. Nf5 Qg6 21. Bd3 Qh5
22. Ng3 Qh4 23. Nf5 Qh5 24. Ng3 gxf4 25. Nxh5 Nxh5 26. Rxf3 fxe3 27. Rxe3 Bd4
28. Rae1 Rxe3 29. Rxe3 Bxe3+ 30. Qxe3 Ndf6 31. Ne4 Kf8 32. Nxf6 Nxf6 33. Qh6+
Ke7 34. Qe3+ Be6 35. Bf5 b6 36. Bxe6 fxe6 37. c5 b5 38. Qe5 Rc8 39. Qg3 Kf7 40.
Qf4 Ke7 41. g4 Nd5 42. Qg5+ Kf7 43. Qh5+ Kg7 44. g5 Nf4 45. Qh6+ Kg8 46. h4 Rc7
47. h5 Rg7 48. g6 Nxg6 49. Qe3 Nf8+ 50. Kh2 Rd7 51. Qg5+ Kf7 52. Qf4+ Ke7 53.
Qb8 Rd2+ 54. Kg1 Nd7 55. Qxa7 Kf6 56. Qb7 Ne5 57. Qxh7 Nf3+ 58. Kf1 Kg5 59.
Qg6+ Kf4 60. Qf6+ Kg3 61. Qg6+ 1/2-1/2

[Event "Germain Laplante U1600"]
[Site "Chambly CAN"]
[Date "2023.04.29"]
[Round "3.43"]
[White "Ouimet, Alain"]
[Black "Mourad, Michel"]
[Result "0-1"]
[WhiteElo "1319"]
[BlackElo "1492"]
[PlyCount "102"]
[EventDate "2023.04.28"]
[EventType "swiss"]
[EventRounds "5"]
[EventCountry "CAN"]

1. Nf3 d5 2. c4 d4 3. d3 c5 4. g3 Nc6 5. Bg2 e5 6. a3 Bd6 7. e3 Nf6 8. O-O O-O
9. Re1 Bg4 10. h3 Bh5 11. Qe2 Qc7 12. e4 h6 13. Nh4 Bg6 14. Nxg6 fxg6 15. Nd2
Rf7 16. Nf3 Raf8 17. Bd2 Kh7 18. Kh2 Ng8 19. Qd1 Qb6 20. Rb1 Na5 21. Bxa5 Qxa5
22. Qe2 Ne7 23. Rf1 a6 24. h4 b5 25. Nd2 Nc6 26. f3 Qc7 27. Bh3 Be7 28. h5 gxh5
29. Rg1 Bg5 30. Nb3 Ne7 31. Rgf1 h4 32. gxh4 Bxh4 33. Bg4 Bg5 34. Kg2 Ng6 35.
Qd1 Nf4+ 36. Kg3 h5 37. Rh1 g6 38. Qc2 Kg7 39. Bh3 Nxh3 40. Rbf1 Nf4 41. cxb5
axb5 42. Nxc5 Rc8 43. b4 Be7 44. Rc1 Bxc5 45. Qd2 Qe7 46. Kf2 Bxb4 47. axb4
Rxc1 48. Rxc1 Qh4+ 49. Kg1 Qg3+ 50. Kf1 Qxf3+ 51. Qf2 Qxf2+ 0-1

[Event "Germain Laplante U1600"]
[Site "Chambly CAN"]
[Date "2023.04.29"]
[Round "3.44"]
[White "Alameddine, Ziad"]
[Black "Bergeron, Jean-Guy"]
[Result "1/2-1/2"]
[WhiteElo "1141"]
[BlackElo "1448"]
[PlyCount "110"]
[EventDate "2023.04.28"]
[EventType "swiss"]
[EventRounds "5"]
[EventCountry "CAN"]

1. e4 Nc6 2. Nf3 d5 3. exd5 Qxd5 4. Nc3 Qh5 5. d4 Bg4 6. Be2 O-O-O 7. h3 e5 8.
Be3 f5 9. g3 Bxf3 10. Bxf3 Qg6 11. Bh5 Qf6 12. d5 Bb4 13. Qd3 Nge7 14. O-O-O
Bxc3 15. Qxc3 Nxd5 16. Qc4 Nxe3 17. fxe3 g6 18. Be2 Qg5 19. Qc3 Qxg3 20. h4 f4
21. Kb1 Qxe3 22. Qxe3 fxe3 23. Bg4+ Kb8 24. Rde1 Rd4 25. Bf3 e4 26. c3 Rd2 27.
Bxe4 e2 28. Kc1 Rhd8 29. Bf3 Rd1+ 30. Rxd1 exd1=Q+ 31. Rxd1 Rd6 32. Re1 Nd8 33.
Re7 h5 34. Be4 Rf6 35. Rd7 Rf1+ 36. Kc2 Rf4 37. Bxg6 b6 38. Bxh5 Ne6 39. Re7
Rf2+ 40. Kb3 Nc5+ 41. Ka3 Rf5 42. Bg6 Rd5 43. b4 Nd7 44. h5 a5 45. bxa5 Rxa5+
46. Kb2 Nf6 47. Rf7 Nxh5 48. Rf8+ Ka7 49. Rf7 Rc5 50. Bxh5 Rxh5 51. Kc2 Ka6 52.
Kb2 Rb5+ 53. Ka3 Ra5+ 54. Kb3 Rb5+ 55. Kc4 Rc5+ {illisible} 1/2-1/2

[Event "Germain Laplante U1600"]
[Site "Chambly CAN"]
[Date "2023.04.29"]
[Round "3.45"]
[White "Sonko, Babacar"]
[Black "Frechette, Jean-Martin"]
[Result "1-0"]
[WhiteElo "1575"]
[BlackElo "1318"]
[PlyCount "73"]
[EventDate "2023.04.28"]
[EventType "swiss"]
[EventRounds "5"]
[EventCountry "CAN"]

1. f4 d5 2. Nf3 e6 3. e3 Bd6 4. b3 Nd7 5. Bb2 Ngf6 6. Be2 Qe7 7. Ne5 O-O 8. O-O
c5 9. d3 Bc7 10. Nd2 Nxe5 11. fxe5 Nd7 12. Nf3 f6 13. d4 fxe5 14. dxe5 b6 15.
Qe1 Bb7 16. Qg3 Rf5 17. Bd3 Rh5 18. Qg4 Rh6 19. Rae1 Rf8 20. a4 c4 21. bxc4 Qb4
22. Bd4 dxc4 23. Be4 Bxe4 24. Qxe4 Qxa4 25. Ra1 Qb4 26. Rfb1 Qe7 27. Rxa7 Nc5
28. Qc6 Rc8 29. Bxc5 bxc5 30. Rd1 Rg6 31. Rd7 Qe8 32. Raxc7 Rxc7 33. Rxc7 Qxc6
34. Rxc6 Rg4 35. Rxe6 Re4 36. Kf2 Kf7 37. Rc6 1-0

[Event "Germain Laplante U1600"]
[Site "Chambly CAN"]
[Date "2023.04.29"]
[Round "3.46"]
[White "Perron, Bernard"]
[Black "De Guise, Ronald"]
[Result "0-1"]
[WhiteElo "1035"]
[BlackElo "1315"]
[PlyCount "84"]
[EventDate "2023.04.28"]
[EventType "swiss"]
[EventRounds "5"]
[EventCountry "CAN"]

1. e4 e5 2. Nf3 Nc6 3. d4 exd4 4. Nxd4 Qf6 5. Nxc6 Qxc6 6. Bd3 Be7 7. Nc3 Nh6
8. O-O O-O 9. Nd5 Re8 10. Bxh6 Qxh6 11. Nxc7 Bd6 12. g3 Bxc7 13. Qf3 Qc6 14. b3
b5 15. Rac1 Bb7 16. Rfe1 Re6 17. Qf5 Bb6 18. Bxb5 Qc5 19. Qxc5 Bxc5 20. Bxd7
Rf6 21. Bf5 g6 22. b4 Bb6 23. Re2 gxf5 24. e5 Rg6 25. h3 Re8 26. Kh2 Bf3 27.
Rd2 Rxe5 28. c4 Re2 29. Rxe2 Bxe2 30. c5 Bc7 31. Rg1 Ra6 32. Ra1 Be5 33. Rc1
Rxa2 34. c6 Bf3 35. c7 Rxf2+ 36. Kg1 Rg2+ 37. Kf1 Bxc7 38. Rxc7 Rb2 39. Rxa7
Rxb4 40. Kf2 Be4 41. Ke3 Rb3+ 42. Kf4 f6 0-1

[Event "Germain Laplante U1600"]
[Site "Chambly CAN"]
[Date "2023.04.29"]
[Round "3.48"]
[White "Camire, Pierre"]
[Black "Breton, Jules"]
[Result "1/2-1/2"]
[WhiteElo "1481"]
[BlackElo "1350"]
[PlyCount "121"]
[EventDate "2023.04.28"]
[EventType "swiss"]
[EventRounds "5"]
[EventCountry "CAN"]

1. d4 e6 2. e4 d6 3. Nf3 Be7 4. c4 h6 5. Nc3 a6 6. Bd3 Bd7 7. O-O e5 8. dxe5
dxe5 9. Nxe5 Bf6 10. Nxd7 Nxd7 11. Nd5 Nc5 12. Bc2 c6 13. Nxf6+ Qxf6 14. Rb1
Rd8 15. Qe2 Ne6 16. Be3 c5 17. Ba4+ Kf8 18. Rfd1 g5 19. Rxd8+ Qxd8 20. Rd1 Qa5
21. Bb3 Ne7 22. Bd2 Qc7 23. Be3 b6 24. Qd2 Qc6 25. Qd6 Qxd6 26. Rxd6 Nc8 27.
Rd1 Kg7 28. Kf1 Rd8 29. Rd5 Ne7 30. Rxd8 Nxd8 31. Ba4 a5 32. Bd7 Ndc6 33. a3
Ne5 34. Bb5 Nc8 35. Ke2 Nd6 36. b3 Nxe4 37. Bd2 Nxd2 38. Kxd2 f5 39. Ba6 f4 40.
Bb7 h5 41. f3 Kf6 42. b4 g4 43. fxg4 Nxg4 44. h3 Ne3 45. bxa5 bxa5 46. Bd5 Ke5
47. Bf3 Nf5 48. Kd3 Nd4 49. Bd5 Nb3 50. Bf3 Kf6 51. Ke4 Nd2+ 52. Kd5 Nb3 53.
Bd1 a4 54. Kc6 Ke5 55. Kb5 Kd4 56. Kxa4 Nd2 57. Kb5 Nxc4 58. a4 Na3+ 59. Ka5
Kd5 60. Bf3+ Kd6 61. Be4 1/2-1/2

[Event "Germain Laplante U1600"]
[Site "Chambly CAN"]
[Date "2023.04.29"]
[Round "3.49"]
[White "Soskic, Milan"]
[Black "Deslandes, Raynald"]
[Result "0-1"]
[WhiteElo "1280"]
[BlackElo "1470"]
[PlyCount "80"]
[EventDate "2023.04.28"]
[EventType "swiss"]
[EventRounds "5"]
[EventCountry "CAN"]

1. d4 Nf6 2. Nf3 g6 3. Bf4 Bg7 4. e3 d5 5. h3 O-O 6. Be2 c5 7. c4 Nc6 8. Nc3
cxd4 9. exd4 Re8 10. Bh2 Ne4 11. Nxd5 Qa5+ 12. b4 Nxb4 13. O-O Nxd5 14. cxd5
Nc3 15. Qd2 Nxe2+ 16. Qxe2 b6 17. Rfd1 Qxd5 18. Rac1 Be6 19. a4 Rac8 20. Qa6
Bh6 21. Rc7 Rxc7 22. Bxc7 Bxh3 23. gxh3 Qxf3 24. Qf1 Rc8 25. Bg3 Qb3 26. d5
Qxd1 27. Qxd1 Rc1 28. Qxc1 Bxc1 29. Bb8 a6 30. Bc7 b5 31. axb5 axb5 32. d6 exd6
33. Bxd6 Bd2 34. Kf1 b4 35. Ke2 Bc3 36. Kd3 f5 37. f3 Kf7 38. Kc4 Ke6 39. Bxb4
Bxb4 40. Kxb4 Ke5 0-1

[Event "Germain Laplante U1600"]
[Site "Chambly CAN"]
[Date "2023.04.29"]
[Round "3.50"]
[White "Hebert, Pierre"]
[Black "Lamontagne, Damien"]
[Result "0-1"]
[WhiteElo "1421"]
[BlackElo "1254"]
[PlyCount "92"]
[EventDate "2023.04.28"]
[EventType "swiss"]
[EventRounds "5"]
[EventCountry "CAN"]

1. Nf3 Nf6 2. g3 d5 3. Bg2 c5 4. d4 c4 5. c3 Bf5 6. Nbd2 e6 7. O-O Be7 8. Re1
O-O 9. Ne5 Nbd7 10. e4 Nxe4 11. Nxe4 Nxe5 12. dxe5 Bxe4 13. Bxe4 dxe4 14. Qd4
Qxd4 15. cxd4 Rac8 16. Bd2 b5 17. a3 Rfd8 18. Rxe4 Rd5 19. Bc3 Rcd8 20. Re2
R8d7 21. Kf1 a5 22. Bxa5 Rxd4 23. Bc3 Rd3 24. Ke1 Kf8 25. Rd2 Rxd2 26. Bxd2 Ke8
27. Bc3 Bc5 28. Rc1 Kd8 29. Rc2 Bb6 30. Rd2 Rxd2 31. Bxd2 Kd7 32. Ke2 Kc6 33.
f3 Kd5 34. Bc3 g5 35. g4 Bc7 36. Kd2 Bxe5 37. Bxe5 Kxe5 38. Kc3 Kd5 39. Kb4 Kc6
40. b3 cxb3 41. Kxb3 Kc5 42. Kc3 f5 43. h3 f4 44. Kd3 Kd5 45. Kc3 e5 46. Kd3 h6
0-1

[Event "Germain Laplante U1600"]
[Site "Chambly CAN"]
[Date "2023.04.29"]
[Round "3.51"]
[White "Scott, Benjamin"]
[Black "Godbout, Julien"]
[Result "1-0"]
[WhiteElo "1406"]
[BlackElo "1239"]
[PlyCount "37"]
[EventDate "2023.04.28"]
[EventType "swiss"]
[EventRounds "5"]
[EventCountry "CAN"]

1. d4 e6 2. Nf3 d5 3. Bf4 c5 4. c3 Nc6 5. e3 Bd6 6. Bg3 Nf6 7. Nbd2 O-O 8. Bd3
Re8 9. Ne5 Qc7 10. f4 Nd7 11. Bxh7+ Kxh7 12. Qh5+ Kg8 13. Qxf7+ Kh7 14. Qh5+
Kg8 15. Qxe8+ Kh7 16. Ndf3 Nf6 17. Ng5+ Kh6 18. Qh8+ Nh7 19. Qxh7# 1-0

[Event "Germain Laplante U1600"]
[Site "Chambly CAN"]
[Date "2023.04.29"]
[Round "3.52"]
[White "Imbeault, Marc"]
[Black "Aubut, Jean-Philippe"]
[Result "1-0"]
[WhiteElo "1239"]
[BlackElo "1405"]
[PlyCount "58"]
[EventDate "2023.04.28"]
[EventType "swiss"]
[EventRounds "5"]
[EventCountry "CAN"]

1. e4 c6 2. d3 d5 3. Nd2 e5 4. g3 Nf6 5. Ngf3 dxe4 6. dxe4 Bg4 7. Bg2 Bd6 8.
O-O O-O 9. h3 Bh5 10. g4 Bg6 11. Re1 Nbd7 12. Nc4 Bc7 13. Bg5 Re8 14. Nd6 Bxd6
15. Qxd6 Re6 16. Qb4 Qc7 17. Rad1 h6 18. Bxf6 Nxf6 19. Nh4 Bh7 20. Nf5 c5 21.
Qd2 Bxf5 22. exf5 Rb6 23. g5 hxg5 24. Qxg5 Rxb2 25. Rd3 Nh7 26. Qg4 f6 27. Rg3
Rxa2 28. Bd5+ Kh8 29. Bxa2 b5 1-0

[Event "Germain Laplante U1600"]
[Site "Chambly CAN"]
[Date "2023.04.29"]
[Round "3.53"]
[White "Legault, Jean-Philippe"]
[Black "Morasse, Daniel"]
[Result "0-1"]
[WhiteElo "1445"]
[BlackElo "1228"]
[PlyCount "70"]
[EventDate "2023.04.28"]
[EventType "swiss"]
[EventRounds "5"]
[EventCountry "CAN"]

1. d4 d5 2. Nf3 Nf6 3. e3 e6 4. Bd3 c5 5. c3 Nc6 6. Nbd2 cxd4 7. exd4 Bd6 8.
O-O O-O 9. Re1 Re8 10. Ne5 a6 11. Ndf3 h6 12. Qc2 Qc7 13. h3 Rf8 14. Bf4 Ne7
15. Re3 Nh5 16. Bh2 f5 17. Qe2 f4 18. Bxf4 Nxf4 19. Qc2 Nxd3 20. Qxd3 Nf5 21.
Re2 Bd7 22. Nxd7 Qxd7 23. Ne5 Bxe5 24. Rxe5 Qf7 25. Rae1 Rae8 26. Qc2 Qf6 27.
Qe2 Nd6 28. f3 Nc4 29. Rxe6 Rxe6 30. Qxe6+ Qxe6 31. Rxe6 Nxb2 32. Rb6 Na4 33.
Rxb7 Nxc3 34. Rb2 Re8 35. Kf2 Nd1+ 0-1